|
|
|
|
| LEADER |
00000nab a2200000 a 4500 |
| 001 |
vtls000633483 |
| 003 |
SK-MaSNL |
| 005 |
20260304223235.0 |
| 008 |
250426c1997 xo 0 slo |
| 015 |
|
|
|a SNBRB19rr/mm-uuuuu
|
| 035 |
|
|
|a CL0633622
|
| 035 |
|
|
|a urn:nbn:sk:snk-ab1i42
|
| 035 |
|
|
|a (urnnbn)urn:nbn:sk:snk:ar-003w3w
|
| 035 |
|
|
|a (uuid)2fed5a3c-fe23-442f-b96b-3b5b39c705d1
|
| 040 |
|
|
|a SNKBUCL
|b slo
|c SNKBUCL
|e AACR2
|
| 041 |
0 |
|
|a slo
|
| 044 |
|
|
|a xo
|c SK
|
| 080 |
|
|
|a 631:613.2:061.1(100):631.001.5:061.2(100):061.3
|2 1981
|
| 080 |
|
|
|a 631.001.5:061.2(100)
|2 1981
|
| 100 |
1 |
|
|a Zimková, Mária
|4 aut
|9 846630
|
| 245 |
1 |
0 |
|a Konferencia a konzultácia FAO/CIHEAM v Banskej Bystrici
|c Mária Zimková
|
| 610 |
2 |
7 |
|a Medzinárodná organizácia OSN pre výživu a poľnohospodárstvo
|2 snkbucl
|9 973237
|
| 610 |
2 |
7 |
|a Medzinárodné centrum pre agronomický výskum v oblasti Stredozemného mora
|2 snkbucl
|9 1557091
|
| 648 |
|
7 |
|a 1997
|2 snkbucl
|9 283446
|
| 650 |
0 |
7 |
|a konferencie
|2 snkbucl
|9 19221
|
| 651 |
|
7 |
|a Banská Bystrica (Slovensko)
|2 snkbucl
|9 22015
|
| 655 |
|
7 |
|a analýzy
|2 snkbucl
|9 22242
|
| 655 |
|
7 |
|a články z novín a časopisov
|2 snkbucl
|9 267496
|
| 773 |
0 |
|
|t Poľnohospodárstvo
|g Roč. 43, č. 4-5 (1997), s. 368-372
|x 0551-3677
|
| 850 |
|
|
|a Slovenská národná knižnica
|
| 852 |
|
|
|a Slovenská národná knižnica
|
| 954 |
|
|
|a odborná, vedecká literatúra pôvodná (slovenská)
|2 lita
|
| 958 |
|
|
|a article27
|
| 958 |
|
|
|a RK
|
| 958 |
|
|
|a OND
|
| 958 |
|
|
|a EUIPO
|
| 992 |
|
|
|a RBX
|
| 999 |
|
|
|c 3166995
|d 3168925
|